000 00508cam a2200169 4500500
005 20260405002137.0
041 _afre
042 _adc
100 1 0 _aPortevin, Catherine
_eauthor
245 0 0 _aCinema Hermetica
260 _c2016.
500 _a53
690 _aCinéma
690 _aPacôme Thiellement
786 0 _nPhilosophie magazine | 96 | 2 | 2016-02-01 | p. 67-67 | 1951-1787
856 4 1 _uhttps://shs.cairn.info/magazine-philosophie-magazine-2016-2-page-67?lang=fr&redirect-ssocas=7080
999 _c2054707
_d2054707